|
|
|
|
| LEADER |
00980nam a2200301 4500 |
| 001 |
DLU100110959 |
| 005 |
##20100824 |
| 040 |
# |
# |
|a DLU
|b vie
|
| 041 |
# |
# |
|a vie
|
| 044 |
# |
# |
|a vn
|
| 100 |
# |
# |
|a Nguyễn Đức Diệu Trang.
|
| 245 |
# |
# |
|a Nghiên cứu tương đương sinh học cũa viên gliclazid 30 mg phóng thích kéo dài /
|c Nguyễn Đức Diệu Trang, Đặng Văn Giáp, Võ Thụy Cẩm Vy, Lê Quan Nghiệm.
|
| 653 |
# |
# |
|a Dược li học
|
| 653 |
# |
# |
|a Hóa sinh học
|
| 653 |
# |
# |
|a Thí nghiệm
|
| 700 |
# |
# |
|a Đặng Văn Giáp.
|
| 700 |
# |
# |
|a Lê Quan Nghiệm.
|
| 700 |
# |
# |
|a Võ Thụy Cẩm Vy.
|
| 773 |
# |
# |
|t Tạp chí Dược học
|g Số 9(389), 2008, tr. 13-15
|
| 920 |
# |
# |
|a Phòng Tạp chí -- Trung tâm Thông tin - Thư viện Trường Đại học Đà Lạt
|
| 994 |
# |
# |
|a DLU
|
| 900 |
# |
# |
|a True
|
| 911 |
# |
# |
|a Nguyễn Thị Linh Chi
|
| 925 |
# |
# |
|a G
|
| 926 |
# |
# |
|a A
|
| 927 |
# |
# |
|a BB
|
| 980 |
# |
# |
|a Thư viện Trường Đại học Đà Lạt
|